Small business management <an> entrepreneurial emphasis
Gespeichert in:
| 1. Verfasser: | |
|---|---|
| Format: | Buch |
| Sprache: | Englisch |
| Veröffentlicht: |
Mason
Thomson/South-Western
2006
|
| Schlagworte: | |
| Tags: |
Keine Tags, Fügen Sie das erste Tag hinzu!
|
MARC
| LEADER | 00000nam$a2200000$$$4500 | ||
|---|---|---|---|
| 001 | 0050413 | ||
| 005 | 20240306135954.7 | ||
| 020 | |a 0-324-32339-5 | ||
| 041 | 0 | |a eng | |
| 044 | |a US | ||
| 245 | 1 | 0 | |a Small business management |b <an> entrepreneurial emphasis |c Justin G. Longenecker ... [et al.] |
| 264 | 1 | |a Mason |b Thomson/South-Western |c 2006 | |
| 300 | |a xxi, 530 s. | ||
| 610 | 2 | 0 | |a riadenie podnikové |
| 610 | 2 | 0 | |a podnik malý |
| 610 | 2 | 0 | |a podnikanie |
| 610 | 2 | 0 | |a plán podnikateľský |
| 610 | 2 | 0 | |a manažment |
| 610 | 2 | 0 | |a riadenie ľudských zdrojov |
| 610 | 2 | 0 | |a riziko podnikateľské |
| 610 | 2 | 0 | |a risk management |
| 100 | 1 | |a Longenecker, Justin G. | |